00420pab a2200145 454500008004000000100002000040245009000060260000900150300001400159362000800173650003200181650002200213700002100235773001800256180718b2008 xxu||||| |||| 00| 0 eng d aRay, Sarbapriya aOn the measurement of capacity utilization: an evidence from Indian chemical industry c2008 ap.116-28. aJun aIndia - Chemical industries aChemical industry aPal, Mihir Kumar aArtha Vijnana